| 000 | 00836nam a2200193 i 4500 | ||
|---|---|---|---|
| 001 | 167445 | ||
| 003 | ES-MaACL | ||
| 005 | 20250814080956.0 | ||
| 008 | 050927m18951898sp fa | |||||||| ||spa d | ||
| 040 |
_aCAM _bspa _cCAM |
||
| 100 | 1 |
_aVidal y Careta, Francisco. _9114522 |
|
| 245 | 1 | 0 |
_aCurso de paleontología estratigráfica / _cpor Francisco Vidal y Careta. |
| 260 |
_aMadrid : _b[s.n.], _c1895-1898 ( _fEstablecimiento tipográfico de G. Palacios) |
||
| 300 |
_a1 v. : _bil. ; _c29 cm. |
||
| 597 | _aT. I..1895 (294 p., [3] h. de fot.) - T. II. 1898 (160 p. [1] h. de fot.) -- Apéndice al 3er. vol. (XXIV p.) | ||
| 650 | 7 |
_aPaleontología _2embne _915808 |
|
| 852 |
_aES-MaACL _jG-5801 _z-- Enc. pasta española _q-- Sólo t. I-II y XXIV pp. del Apéndice al t. III _z-- Enc. 2 t. en 1 v. |
||
| 999 |
_c167445 _d167445 |
||